000 00659cab a2200217 4500
001 WB3133-01
008 090401t1995 xxu||||| |||| 00| 0 eng d
035 _a(Sirsi) u61035
041 _aeng
245 _aDwyer takes sole charge
260 _c1995
350 _a0
490 _aNew Civil Engineer
_v(1054) 7 September 1995, 4(1)
520 _aFollowing poor first-half pre-tax profits, Wimpey has announced it is to withdraw from general building construction and focus on negotiated contracts.
650 _aCONSTRUCTION COMPANIES
650 _aRESULTS
650 _aWIMPEY
690 _aBUILT ENVIRONMENT
942 _n0
948 _c04/03/1997
999 _c37735
_d37735